000
00311nam a2200121Ia 4500
008
220204s9999 xx 000 0 und d
082
_a
582.28:581.557
_b
COO
100
_a
COOKE, Roderic
245
0
_a
Biology of symbiotic fungi.
260
_a
London
_b
John Wiley
_c
1977
650
_a
Symbiotic fungi
942
_c
BK
999
_c
27603
_d
27603